01032cam a2200265 a 450000100100000000500170001000800410002702000150006803500190008304000250010208200200012710000400014724500770018726000770026430000210034149000280036258600780039065000340046865000480050283000350055091000340058504900090061995201230062899900150075100000966620200929161649.0911010s1992 pr 001 0 spa  a0865814562 a(DLC) 91058538 aDO-SdBNPbspacBNPHU aPR862.44bR175c1 aRamos-Perea, Roberto,d1959-92455510aCueva de ladrones o Revolución en el paraíso /cRoberto Ramos-Perea. aSan Juan, (Puerto Rico) :bInstituto de Cultura Puertorriqueña,c1992. a127 p. ;c22 cm.1 aTeatro puertorriqueño aPremio René Marqués de Dramaturgia del Ateneo Puertorriqueño, 1984. 4aTeatro puertorriqueño94514 4aLiteratura puertorriqueñaySIGLO XX95311 0aTeatro puertorriqueño924556 aCatalogación por copia / LC aBNGR 001052708MOaGRbGRcCTd2009-09-30iLF1l0oPR862.44 R175cp9666-10r2020-06-25w2020-06-25y2ZPréstamo interno c9426d9426